<?xml version="1.0" encoding="UTF-8"?>
<record
    xmlns:xsi="http://www.w3.org/2001/XMLSchema-instance"
    xsi:schemaLocation="http://www.loc.gov/MARC21/slim http://www.loc.gov/standards/marcxml/schema/MARC21slim.xsd"
    xmlns="http://www.loc.gov/MARC21/slim">

  <leader>00695nam a22001577a 4500</leader>
  <controlfield tag="008">100617t        xxu||||| |||| 00| 0 eng d</controlfield>
  <datafield tag="082" ind1=" " ind2=" ">
    <subfield code="2">22</subfield>
    <subfield code="a">613</subfield>
    <subfield code="b">&#x639; &#x632; &#x64A;</subfield>
  </datafield>
  <datafield tag="100" ind1=" " ind2=" ">
    <subfield code="9">14850</subfield>
    <subfield code="a">&#x639;&#x628;&#x62F; &#x627;&#x644;&#x639;&#x632;&#x64A;&#x632;&#x60C; &#x641;&#x627;&#x631;&#x648;&#x642;</subfield>
  </datafield>
  <datafield tag="245" ind1=" " ind2=" ">
    <subfield code="a">&#x635;&#x64A;&#x641; &#x628;&#x644;&#x627; &#x645;&#x62A;&#x627;&#x639;&#x628; &#x635;&#x62D;&#x64A;&#x629; /</subfield>
    <subfield code="c">&#x641;&#x627;&#x631;&#x648;&#x642; &#x639;&#x628;&#x62F; &#x627;&#x644;&#x639;&#x632;&#x64A;&#x632;</subfield>
  </datafield>
  <datafield tag="260" ind1=" " ind2=" ">
    <subfield code="a">&#x627;&#x644;&#x642;&#x627;&#x647;&#x631;&#x629;:</subfield>
    <subfield code="b">&#x645;&#x624;&#x633;&#x633;&#x629; &#x623;&#x62E;&#x628;&#x627;&#x631; &#x627;&#x644;&#x64A;&#x648;&#x645; &#x60C; 1985</subfield>
    <subfield code="c">1985</subfield>
  </datafield>
  <datafield tag="300" ind1=" " ind2=" ">
    <subfield code="a">153 &#x635;&#x61B;</subfield>
    <subfield code="c">19 &#x633;&#x645;</subfield>
  </datafield>
  <datafield tag="490" ind1=" " ind2=" ">
    <subfield code="9">14838</subfield>
    <subfield code="a"> &#x61B; &#x643;&#x62A;&#x627;&#x628; &#x627;&#x644;&#x64A;&#x648;&#x645; &#x627;&#x644;&#x637;&#x628;&#x64A;</subfield>
    <subfield code="v">39</subfield>
  </datafield>
  <datafield tag="650" ind1=" " ind2=" ">
    <subfield code="9">14851</subfield>
    <subfield code="a">&#x627;&#x644;&#x635;&#x62D;&#x629; &#x627;&#x644;&#x634;&#x62E;&#x635;&#x64A;&#x629;</subfield>
  </datafield>
  <datafield tag="942" ind1=" " ind2=" ">
    <subfield code="2">ddc</subfield>
    <subfield code="c">BB</subfield>
  </datafield>
  <datafield tag="999" ind1=" " ind2=" ">
    <subfield code="c">14107</subfield>
    <subfield code="d">14107</subfield>
  </datafield>
  <datafield tag="952" ind1=" " ind2=" ">
    <subfield code="0">0</subfield>
    <subfield code="1">0</subfield>
    <subfield code="2">ddc</subfield>
    <subfield code="4">0</subfield>
    <subfield code="7">0</subfield>
    <subfield code="8"> </subfield>
    <subfield code="a">MAIN</subfield>
    <subfield code="b">MAIN</subfield>
    <subfield code="c">1ST</subfield>
    <subfield code="d">2010-06-17</subfield>
    <subfield code="e">purchase</subfield>
    <subfield code="l">1</subfield>
    <subfield code="o">613 &#x639; &#x628; &#x62F;</subfield>
    <subfield code="p">000020426</subfield>
    <subfield code="r">2025-07-15 00:00:00</subfield>
    <subfield code="s">2011-05-09</subfield>
    <subfield code="y">BB</subfield>
  </datafield>
</record>
